00436nam a2200133Ia 4500999001700000082001700017100001700034245004300051260004100094300001400135650004100149942000700190952010500197 c13872d13872 aRR 423 PAX-E aPaxton, John 0aEveryman's dictionary of abbreviations aLondonbJ.M. Dent Publicationsc1974 axiii, 384 aAbbreviations, EnglishzDictionaries cBK 00104070aNASSDOCbNASSDOCd2004-06-08l0oRR 423 PAX-Ep6556r2019-04-18 00:00:00w2019-04-18yBK